Missing Word: Birds in Every Category Quiz Stats

 Plays Quiz Updated Jul 1, 2017

Support Sporcle.
Go Orange.
Score 0/15 Timer 02:00
0 Plays Today
Hint Missing Word % Correct
As Wise as an _____Owl
92.7%
Sheryl _____Crow
91.2%
'Seven _____ a-Swimming'Swans
88.9%
Florence _____Nightingale
87.9%
_____pox (Varicella) VaccineChicken
84.3%
Tony _____'s Pro SkaterHawk
80.4%
_____ Islands, SpainCanary
79.2%
Pittsburgh _____ (NHL)Penguins
77.4%
Hint Missing Word % Correct
_____ CrestFalcon
73.1%
Darkwing _____Duck
71.3%
Jonathan Livingston _____Seagull
63.8%
What is a _____'s Favorite Game? Hide and Speak!Parrot
61.7%
Three Days of the _____Condor
56.6%
_____ RichelieuCardinal
52.6%
Lockheed _____ CorporationMartin
51.8%

Today's Daily Dose

You're not logged in!

Compare scores with friends on all Sporcle quizzes.
OR
Log In
Forgot?

From the Vault

Profile: Katniss Everdeen

by sproutcm

You don't want to get on her bad side.
Remove Ads.
Support Sporcle.
Get the best of Sporcle when you Go Orange. This ad-free experience offers more features, more stats, and more fun while also helping to support Sporcle. Thank you for becoming a member.

Show Comments

Extras

Top Quizzes Today


Score Distribution

Your Account Isn't Verified!

In order to create a playlist on Sporcle, you need to verify the email address you used during registration. Go to your Sporcle Settings to finish the process.

Report this User

Report this user for behavior that violates our Community Guidelines.

Details: